| 000 | 00535nam a2200145 a 4500 | ||
|---|---|---|---|
| 008 | 120416s1964 ||||||||||||||||| || u | ||
| 050 | _aHD 6664 Rob | ||
| 100 | _aRoberts, Benjamin Charles | ||
| 245 | 1 | 0 | _aLabour in the tropical territories of the Commonwealth |
| 260 |
_aLondon _bG. Bell _c1964 |
||
| 350 | _a0.00 | ||
| 650 | _aLABOUR | ||
| 650 | _aLABOUR ECONOMICS--TROPICS | ||
| 995 |
_D0.00 _FCBU-MAIN LIBRARY (Kitwe) _H1 _I0.00 _M1 _UAVAILABLE _ZMain Library Open Access Collection |
||
| 999 |
_c48743 _d48743 |
||